[Event "Gibraltar Masters 18th"]
[Site "Gibraltar"]
[Date "2020.01.24"]
[Round "4.25"]
[White "Mammadzada, Gunay"]
[Black "Sasikiran, Krishnan"]
[Result "0-1"]
[WhiteElo "2455"]
[BlackElo "2648"]
[PlyCount "82"]
[EventDate "2020.01.21"]
[EventType "swiss"]
[EventRounds "10"]
[EventCountry "GGB"]
[SourceTitle "BritBase"]
[Source "John Saunders"]
[SourceDate "2021.06.05"]
[SourceVersion "1"]
[SourceVersionDate "2021.06.05"]
[SourceQuality "1"]
[TimeControl "40/100:0"]
[WhiteClock "0:01:05"]
[BlackClock "0:04:18"]

1. e4 {[%emt 0:00:00]} g6 {[%emt 0:00:00]} 2. d4 {[%emt 0:00:00]} Bg7 {[%emt 0:
00:00]} 3. Nc3 {[%emt 0:00:00]} d6 {[%emt 0:00:00]} 4. Be3 {[%emt 0:00:00]} a6
{[%emt 0:00:00]} 5. Qd2 {[%emt 0:00:00]} b5 {[%emt 0:00:00]} 6. h4 {[%emt 0:00:
00]} h5 {[%emt 0:00:00]} 7. f3 {[%emt 0:00:00]} Nd7 {[%emt 0:00:00]} 8. O-O-O {
[%emt 0:00:00]} Bb7 {[%emt 0:00:00]} 9. Nh3 {[%emt 0:00:00]} Ngf6 {[%emt 0:00:
00]} 10. Ng5 {[%emt 0:00:00]} e6 {[%emt 0:00:00]} 11. Kb1 {[%emt 0:00:00]} Qe7
{[%emt 0:00:00]} 12. Rg1 {[%emt 0:00:00]} Rc8 {[%emt 0:00:00]} 13. Ne2 {
[%emt 0:00:00]} c5 {[%emt 0:00:00]} 14. dxc5 {[%emt 0:00:00]} dxc5 {[%emt 0:00:
00]} 15. c4 {[%emt 0:00:00]} bxc4 {[%emt 0:00:00]} 16. Bf4 {[%emt 0:00:00]} Rc6
{[%emt 0:00:00]} 17. Bd6 {[%emt 0:00:00]} Rxd6 {[%emt 0:00:00]} 18. Qxd6 {
[%emt 0:00:00]} Qxd6 {[%emt 0:00:00]} 19. Rxd6 {[%emt 0:00:00]} Ke7 {[%emt 0:
00:00]} 20. Rd2 {[%emt 0:00:00]} Nb6 {[%emt 0:00:00]} 21. Rc2 {[%emt 0:00:00]}
Nfd7 {[%emt 0:00:00]} 22. g3 {[%emt 0:00:00]} Rb8 {[%emt 0:00:00]} 23. Nc3 {
[%emt 0:00:00]} Bd4 {[%emt 0:00:00]} 24. Rh1 {[%emt 0:00:00]} Ne5 {[%emt 0:00:
00]} 25. Be2 {[%emt 0:00:00]} Bc6 {[%emt 0:00:00]} 26. Ka1 {[%emt 0:00:00]} Na4
{[%emt 0:00:00]} 27. Rb1 {[%emt 0:00:00]} Bb5 {[%emt 0:00:00]} 28. f4 {[%emt 0:
00:00]} Nd3 {[%emt 0:00:00]} 29. Nf3 {[%emt 0:00:00]} Nb4 {[%emt 0:00:00]} 30.
Rcc1 {[%emt 0:00:00]} Be3 {[%emt 0:00:00]} 31. Nxa4 {[%emt 0:00:00]} Bxa4 {
[%emt 0:00:00]} 32. Ne5 {[%emt 0:00:03]} Rd8 {[%emt 0:00:00]} 33. Rxc4 {
[%emt 0:01:01]} Rd2 {[%emt 0:00:00]} 34. Rxb4 {[%emt 0:00:05]} cxb4 {[%emt 0:
00:00]} 35. Bxa6 {[%emt 0:00:00]} Rg2 {[%emt 0:00:00]} 36. Nd3 {[%emt 0:00:00]}
Bd2 {[%emt 0:00:00]} 37. Bc4 {[%emt 0:00:00]} Bc2 {[%emt 0:00:00]} 38. Ne1 {
[%emt 0:00:00]} Bxb1 {[%emt 0:00:00]} 39. Nxg2 {[%emt 0:00:00]} Bxe4 {[%emt 0:
00:00]} 40. Bf1 {[%emt 0:00:00]} Kd6 {[%emt 0:00:00]} 41. a4 {[%emt 0:01:06]}
b3 {[%emt 0:00:00]} 0-1

[Event "Gibraltar Masters 18th"]
[Site "Gibraltar"]
[Date "2020.01.24"]
[Round "4.26"]
[White "Atalik, Ekaterina"]
[Black "Tabatabaei, M.Amin"]
[Result "0-1"]
[WhiteElo "2450"]
[BlackElo "2638"]
[PlyCount "62"]
[EventDate "2020.01.21"]
[EventType "swiss"]
[EventRounds "10"]
[EventCountry "GGB"]
[SourceTitle "BritBase"]
[Source "John Saunders"]
[SourceDate "2021.06.05"]
[SourceVersion "1"]
[SourceVersionDate "2021.06.05"]
[SourceQuality "1"]
[TimeControl "40/100:0"]
[WhiteClock "0:04:08"]
[BlackClock "0:24:26"]

1. d4 {[%emt 0:00:00]} Nf6 {[%emt 0:00:00]} 2. g3 {[%emt 0:00:00]} g6 {[%emt 0:
00:00]} 3. Bg2 {[%emt 0:00:00]} Bg7 {[%emt 0:00:00]} 4. Nf3 {[%emt 0:00:00]}
O-O {[%emt 0:00:00]} 5. O-O {[%emt 0:00:00]} d6 {[%emt 0:00:00]} 6. b3 {
[%emt 0:00:00]} c6 {[%emt 0:00:00]} 7. Bb2 {[%emt 0:00:00]} Nbd7 {[%emt 0:00:
00]} 8. c4 {[%emt 0:00:00]} Re8 {[%emt 0:00:00]} 9. Nc3 {[%emt 0:00:00]} e5 {
[%emt 0:00:00]} 10. e3 {[%emt 0:00:00]} e4 {[%emt 0:00:00]} 11. Nd2 {[%emt 0:
00:00]} d5 {[%emt 0:00:00]} 12. cxd5 {[%emt 0:00:00]} cxd5 {[%emt 0:00:00]} 13.
Rc1 {[%emt 0:00:00]} a6 {[%emt 0:00:00]} 14. Na4 {[%emt 0:00:00]} Nf8 {[%emt 0:
00:00]} 15. Qc2 {[%emt 0:00:00]} Ne6 {[%emt 0:00:00]} 16. Nc5 {[%emt 0:00:00]}
Ng5 {[%emt 0:00:00]} 17. Na4 {[%emt 0:00:00]} b5 {[%emt 0:00:00]} 18. Nc5 {
[%emt 0:00:00]} h5 {[%emt 0:00:00]} 19. Kh1 {[%emt 0:00:00]} Ra7 {[%emt 0:00:
00]} 20. h4 {[%emt 0:00:00]} Ngh7 {[%emt 0:00:00]} 21. Rce1 {[%emt 0:00:00]}
Bf5 {[%emt 0:00:00]} 22. Qd1 {[%emt 0:00:00]} Rae7 {[%emt 0:00:00]} 23. Nxa6 {
[%emt 0:00:00]} Ng4 {[%emt 0:00:00]} 24. Nc5 {[%emt 0:00:00]} Bf6 {[%emt 0:00:
00]} 25. Nf3 {[%emt 0:00:00]} exf3 {[%emt 0:00:00]} 26. Qxf3 {[%emt 0:00:00]}
Bxh4 {[%emt 0:00:00]} 27. Qxd5 {[%emt 0:00:00]} Qxd5 {[%emt 0:00:00]} 28. Bxd5
{[%emt 0:00:00]} Bxg3 {[%emt 0:00:00]} 29. e4 {[%emt 0:00:00]} Bxf2 {[%emt 0:
00:00]} 30. Rc1 {[%emt 0:00:00]} Nhf6 {[%emt 0:00:00]} 31. Bc6 {[%emt 0:00:00]}
Nxe4 {[%emt 0:00:00]} 0-1

[Event "Gibraltar Masters 18th"]
[Site "Gibraltar"]
[Date "2020.01.24"]
[Round "4.27"]
[White "Deac, Bogdan-Daniel"]
[Black "Horvath, Dominik"]
[Result "1-0"]
[WhiteElo "2626"]
[BlackElo "2449"]
[PlyCount "87"]
[EventDate "2020.01.21"]
[EventType "swiss"]
[EventRounds "10"]
[EventCountry "GGB"]
[SourceTitle "BritBase"]
[Source "John Saunders"]
[SourceDate "2021.06.05"]
[SourceVersion "1"]
[SourceVersionDate "2021.06.05"]
[SourceQuality "1"]
[TimeControl "40/100:0"]
[WhiteClock "0:50:53"]
[BlackClock "0:47:44"]

1. c4 {[%emt 0:00:00]} e6 {[%emt 0:00:00]} 2. Nf3 {[%emt 0:00:00]} d5 {[%emt 0:
00:00]} 3. d4 {[%emt 0:00:00]} Nf6 {[%emt 0:00:00]} 4. Nc3 {[%emt 0:00:00]} c6
{[%emt 0:00:00]} 5. Qb3 {[%emt 0:00:00]} dxc4 {[%emt 0:00:00]} 6. Qxc4 {
[%emt 0:00:00]} b5 {[%emt 0:00:00]} 7. Qd3 {[%emt 0:00:00]} a6 {[%emt 0:00:00]}
8. g4 {[%emt 0:00:00]} c5 {[%emt 0:00:00]} 9. g5 {[%emt 0:00:00]} Nd5 {[%emt 0:
00:00]} 10. dxc5 {[%emt 0:00:00]} Bb7 {[%emt 0:00:00]} 11. Nxd5 {[%emt 0:00:00]
} Qxd5 {[%emt 0:00:00]} 12. Qxd5 {[%emt 0:00:00]} Bxd5 {[%emt 0:00:00]} 13. Be3
{[%emt 0:00:00]} Nc6 {[%emt 0:00:00]} 14. Bg2 {[%emt 0:00:00]} g6 {[%emt 0:00:
00]} 15. O-O {[%emt 0:00:00]} Bg7 {[%emt 0:00:00]} 16. Rfb1 {[%emt 0:00:00]}
O-O {[%emt 0:00:00]} 17. Ne1 {[%emt 0:00:00]} Rfd8 {[%emt 0:00:00]} 18. Nd3 {
[%emt 0:00:00]} Rac8 {[%emt 0:00:00]} 19. Rd1 {[%emt 0:00:00]} Bd4 {[%emt 0:00:
00]} 20. h4 {[%emt 0:00:00]} Bxe3 {[%emt 0:00:00]} 21. fxe3 {[%emt 0:00:00]} h6
{[%emt 0:00:00]} 22. gxh6 {[%emt 0:00:00]} a5 {[%emt 0:00:00]} 23. b3 {[%emt 0:
00:00]} Bxg2 {[%emt 0:00:00]} 24. Kxg2 {[%emt 0:00:00]} Rd5 {[%emt 0:00:00]}
25. a4 {[%emt 0:00:00]} bxa4 {[%emt 0:00:00]} 26. bxa4 {[%emt 0:00:00]} Kh7 {
[%emt 0:00:00]} 27. Rab1 {[%emt 0:00:00]} Rc7 {[%emt 0:00:00]} 28. Rb5 {
[%emt 0:00:00]} Kxh6 {[%emt 0:00:00]} 29. Rdb1 {[%emt 0:00:00]} e5 {[%emt 0:00:
00]} 30. Rb7 {[%emt 0:00:00]} Rxb7 {[%emt 0:00:00]} 31. Rxb7 {[%emt 0:00:00]}
e4 {[%emt 0:00:00]} 32. Nf2 {[%emt 0:00:00]} Nd8 {[%emt 0:00:57]} 33. Rb5 {
[%emt 0:00:50]} Ne6 {[%emt 0:00:00]} 34. c6 {[%emt 0:00:13]} Rd2 {[%emt 0:00:
00]} 35. Rc5 {[%emt 0:00:02]} Nc7 {[%emt 0:00:08]} 36. Nxe4 {[%emt 0:00:00]}
Rxe2+ {[%emt 0:00:00]} 37. Kf3 {[%emt 0:00:00]} Ra2 {[%emt 0:00:00]} 38. Rxa5 {
[%emt 0:00:00]} f5 {[%emt 0:00:00]} 39. Ng5 {[%emt 0:00:00]} Rc2 {[%emt 0:00:
00]} 40. Re5 {[%emt 0:00:00]} Kh5 {[%emt 0:00:00]} 41. Kg3 {[%emt 0:01:42]} Rc4
{[%emt 0:00:00]} 42. Re7 {[%emt 0:00:00]} Rg4+ {[%emt 0:00:00]} 43. Kf2 {
[%emt 0:00:00]} Rxh4 {[%emt 0:00:00]} 44. Nf3 {[%emt 0:00:00]} 1-0

[Event "Gibraltar Masters 18th"]
[Site "Gibraltar"]
[Date "2020.01.24"]
[Round "4.28"]
[White "Kobalia, Mikhail"]
[Black "Ladron De Guevara Pinto, Paolo"]
[Result "1-0"]
[WhiteElo "2609"]
[BlackElo "2445"]
[PlyCount "85"]
[EventDate "2020.01.21"]
[EventType "swiss"]
[EventRounds "10"]
[EventCountry "GGB"]
[SourceTitle "BritBase"]
[Source "John Saunders"]
[SourceDate "2021.06.05"]
[SourceVersion "1"]
[SourceVersionDate "2021.06.05"]
[SourceQuality "1"]
[TimeControl "40/100:0"]
[WhiteClock "0:06:47"]
[BlackClock "0:03:08"]

1. e4 {[%emt 0:00:00]} e6 {[%emt 0:00:00]} 2. d4 {[%emt 0:00:00]} d5 {[%emt 0:
00:00]} 3. Nd2 {[%emt 0:00:00]} c5 {[%emt 0:00:00]} 4. Ngf3 {[%emt 0:00:00]}
cxd4 {[%emt 0:00:00]} 5. Nxd4 {[%emt 0:00:00]} Nf6 {[%emt 0:00:00]} 6. e5 {
[%emt 0:00:00]} Nfd7 {[%emt 0:00:00]} 7. Bb5 {[%emt 0:00:00]} a6 {[%emt 0:00:
00]} 8. Bxd7+ {[%emt 0:00:00]} Bxd7 {[%emt 0:00:00]} 9. O-O {[%emt 0:00:00]}
Nc6 {[%emt 0:00:00]} 10. N2f3 {[%emt 0:00:00]} Be7 {[%emt 0:00:00]} 11. Re1 {
[%emt 0:00:00]} O-O {[%emt 0:00:00]} 12. Bf4 {[%emt 0:00:00]} Rc8 {[%emt 0:00:
00]} 13. Qd2 {[%emt 0:00:00]} Na5 {[%emt 0:00:00]} 14. b3 {[%emt 0:00:00]} b5 {
[%emt 0:00:00]} 15. c3 {[%emt 0:00:00]} Nb7 {[%emt 0:00:00]} 16. b4 {[%emt 0:
00:00]} Re8 {[%emt 0:00:00]} 17. Bg5 {[%emt 0:00:00]} f6 {[%emt 0:00:00]} 18.
Bh4 {[%emt 0:00:00]} f5 {[%emt 0:00:00]} 19. Nxf5 {[%emt 0:00:00]} Bxh4 {
[%emt 0:00:00]} 20. N5xh4 {[%emt 0:00:00]} Rc4 {[%emt 0:00:00]} 21. g3 {
[%emt 0:00:00]} Qc7 {[%emt 0:00:00]} 22. Nd4 {[%emt 0:00:00]} Rxc3 {[%emt 0:00:
00]} 23. Ng2 {[%emt 0:00:00]} Qc4 {[%emt 0:00:00]} 24. Ne3 {[%emt 0:00:00]} Qd3
{[%emt 0:00:00]} 25. Qxd3 {[%emt 0:00:00]} Rxd3 {[%emt 0:00:00]} 26. Red1 {
[%emt 0:00:00]} Rxd1+ {[%emt 0:00:00]} 27. Rxd1 {[%emt 0:00:00]} Rc8 {[%emt 0:
00:00]} 28. Rd2 {[%emt 0:00:00]} Kf8 {[%emt 0:00:00]} 29. Rc2 {[%emt 0:00:00]}
Rxc2 {[%emt 0:00:00]} 30. Nexc2 {[%emt 0:00:00]} Ke7 {[%emt 0:00:00]} 31. f4 {
[%emt 0:00:00]} Be8 {[%emt 0:00:00]} 32. g4 {[%emt 0:00:00]} h5 {[%emt 0:00:00]
} 33. h3 {[%emt 0:00:00]} hxg4 {[%emt 0:00:00]} 34. hxg4 {[%emt 0:00:00]} Nd8 {
[%emt 0:00:00]} 35. Kf2 {[%emt 0:00:00]} Bg6 {[%emt 0:00:00]} 36. f5 {[%emt 0:
00:00]} Bh7 {[%emt 0:00:00]} 37. Kg3 {[%emt 0:00:00]} exf5 {[%emt 0:00:00]} 38.
gxf5 {[%emt 0:00:00]} Nf7 {[%emt 0:00:00]} 39. Nc6+ {[%emt 0:00:00]} Ke8 {
[%emt 0:00:00]} 40. N2d4 {[%emt 0:00:00]} Ng5 {[%emt 0:00:00]} 41. Kf4 {
[%emt 0:00:00]} Nh3+ {[%emt 0:00:00]} 42. Ke3 {[%emt 0:00:00]} Ng5 {[%emt 0:00:
12]} 43. Nb8 {[%emt 0:00:00]} 1-0

[Event "Gibraltar Masters 18th"]
[Site "Gibraltar"]
[Date "2020.01.24"]
[Round "4.29"]
[White "Praggnanandhaa, Rameshbabu"]
[Black "Murzin, Volodar"]
[Result "1-0"]
[WhiteElo "2602"]
[BlackElo "2442"]
[PlyCount "95"]
[EventDate "2020.01.21"]
[EventType "swiss"]
[EventRounds "10"]
[EventCountry "GGB"]
[SourceTitle "BritBase"]
[Source "John Saunders"]
[SourceDate "2021.06.05"]
[SourceVersion "1"]
[SourceVersionDate "2021.06.05"]
[SourceQuality "1"]
[TimeControl "40/100:0"]
[WhiteClock "0:45:23"]
[BlackClock "1:09:20"]

1. Nf3 {[%emt 0:00:00]} d5 {[%emt 0:00:00]} 2. g3 {[%emt 0:00:00]} Bg4 {
[%emt 0:00:00]} 3. Bg2 {[%emt 0:00:00]} c6 {[%emt 0:00:00]} 4. O-O {[%emt 0:00:
00]} Nd7 {[%emt 0:00:00]} 5. d3 {[%emt 0:00:00]} Ngf6 {[%emt 0:00:00]} 6. h3 {
[%emt 0:00:00]} Bh5 {[%emt 0:00:00]} 7. c4 {[%emt 0:00:00]} Bxf3 {[%emt 0:00:
00]} 8. Bxf3 {[%emt 0:00:00]} dxc4 {[%emt 0:00:00]} 9. dxc4 {[%emt 0:00:00]}
Ne5 {[%emt 0:00:00]} 10. Qc2 {[%emt 0:00:00]} Qd4 {[%emt 0:00:00]} 11. Na3 {
[%emt 0:00:00]} e6 {[%emt 0:00:00]} 12. Be3 {[%emt 0:00:00]} Nxf3+ {[%emt 0:00:
00]} 13. exf3 {[%emt 0:00:00]} Qd7 {[%emt 0:00:00]} 14. Rad1 {[%emt 0:00:00]}
Qc8 {[%emt 0:00:00]} 15. Nb1 {[%emt 0:00:00]} Be7 {[%emt 0:00:00]} 16. Nc3 {
[%emt 0:00:00]} O-O {[%emt 0:00:00]} 17. Bf4 {[%emt 0:00:00]} Rd8 {[%emt 0:00:
00]} 18. Kg2 {[%emt 0:00:00]} Rxd1 {[%emt 0:00:00]} 19. Rxd1 {[%emt 0:00:00]}
Qe8 {[%emt 0:00:00]} 20. Be3 {[%emt 0:00:00]} c5 {[%emt 0:00:00]} 21. Ne4 {
[%emt 0:00:00]} b6 {[%emt 0:00:00]} 22. b3 {[%emt 0:00:00]} Rd8 {[%emt 0:00:00]
} 23. Rxd8 {[%emt 0:00:00]} Qxd8 {[%emt 0:00:00]} 24. Nxf6+ {[%emt 0:00:00]}
Bxf6 {[%emt 0:00:00]} 25. Qe4 {[%emt 0:00:00]} Qc8 {[%emt 0:00:00]} 26. a3 {
[%emt 0:00:00]} Be7 {[%emt 0:00:00]} 27. Bf4 {[%emt 0:00:00]} f5 {[%emt 0:00:
00]} 28. Qe5 {[%emt 0:00:00]} Bd8 {[%emt 0:00:00]} 29. h4 {[%emt 0:00:00]} Kf7
{[%emt 0:00:00]} 30. a4 {[%emt 0:00:00]} Qd7 {[%emt 0:00:00]} 31. Qb8 {[%emt 0:
00:00]} h5 {[%emt 0:00:00]} 32. Bd6 {[%emt 0:00:00]} a5 {[%emt 0:00:00]} 33.
Be5 {[%emt 0:00:00]} Kg6 {[%emt 0:00:00]} 34. Bf4 {[%emt 0:00:00]} Kf7 {
[%emt 0:00:00]} 35. Bg5 {[%emt 0:00:00]} Ke8 {[%emt 0:00:00]} 36. Qa8 {[%emt 0:
00:53]} Qc7 {[%emt 0:00:00]} 37. Bf4 {[%emt 0:00:00]} Qd7 {[%emt 0:00:00]} 38.
Qb8 {[%emt 0:00:00]} Kf7 {[%emt 0:00:00]} 39. Bg5 {[%emt 0:00:00]} Ke8 {
[%emt 0:00:00]} 40. g4 {[%emt 0:00:04]} g6 {[%emt 0:00:00]} 41. gxh5 {[%emt 0:
00:00]} gxh5 {[%emt 0:00:00]} 42. Qe5 {[%emt 0:00:00]} Bxg5 {[%emt 0:00:00]}
43. Qh8+ {[%emt 0:00:00]} Ke7 {[%emt 0:00:00]} 44. Qg7+ {[%emt 0:00:00]} Kd6 {
[%emt 0:00:00]} 45. Qxd7+ {[%emt 0:00:00]} Kxd7 {[%emt 0:00:00]} 46. hxg5 {
[%emt 0:00:00]} e5 {[%emt 0:00:00]} 47. Kg3 {[%emt 0:00:00]} Ke6 {[%emt 0:00:
00]} 48. Kh4 {[%emt 0:00:00]} 1-0

[Event "Gibraltar Masters 18th"]
[Site "Gibraltar"]
[Date "2020.01.24"]
[Round "4.30"]
[White "Can, Emre"]
[Black "Rakotomaharo, Fy Antenaina"]
[Result "1-0"]
[WhiteElo "2600"]
[BlackElo "2433"]
[PlyCount "61"]
[EventDate "2020.01.21"]
[EventType "swiss"]
[EventRounds "10"]
[EventCountry "GGB"]
[SourceTitle "BritBase"]
[Source "John Saunders"]
[SourceDate "2021.06.05"]
[SourceVersion "1"]
[SourceVersionDate "2021.06.05"]
[SourceQuality "1"]
[TimeControl "40/100:0"]
[WhiteClock "0:20:22"]
[BlackClock "0:00:55"]

1. d4 {[%emt 0:00:00]} Nf6 {[%emt 0:00:00]} 2. c4 {[%emt 0:00:00]} g6 {[%emt 0:
00:00]} 3. Nc3 {[%emt 0:00:00]} d5 {[%emt 0:00:00]} 4. Nf3 {[%emt 0:00:00]} Bg7
{[%emt 0:00:00]} 5. Qb3 {[%emt 0:00:00]} dxc4 {[%emt 0:00:00]} 6. Qxc4 {
[%emt 0:00:00]} O-O {[%emt 0:00:00]} 7. e4 {[%emt 0:00:00]} Be6 {[%emt 0:00:00]
} 8. d5 {[%emt 0:00:00]} Bc8 {[%emt 0:00:00]} 9. Be2 {[%emt 0:00:00]} c6 {
[%emt 0:00:00]} 10. O-O {[%emt 0:00:00]} cxd5 {[%emt 0:00:00]} 11. exd5 {
[%emt 0:00:00]} Bg4 {[%emt 0:00:00]} 12. Qb3 {[%emt 0:00:00]} Nbd7 {[%emt 0:00:
00]} 13. Be3 {[%emt 0:00:00]} Ne8 {[%emt 0:00:00]} 14. Qxb7 {[%emt 0:00:00]}
Nd6 {[%emt 0:00:00]} 15. Qa6 {[%emt 0:00:00]} Bxf3 {[%emt 0:00:00]} 16. Bxf3 {
[%emt 0:00:00]} Qb8 {[%emt 0:00:00]} 17. Rab1 {[%emt 0:00:00]} Rc8 {[%emt 0:00:
00]} 18. Bg4 {[%emt 0:00:00]} f5 {[%emt 0:00:00]} 19. Be2 {[%emt 0:00:00]} Qb4
{[%emt 0:00:00]} 20. Qa4 {[%emt 0:00:00]} Bxc3 {[%emt 0:00:00]} 21. Qxd7 {
[%emt 0:00:00]} Bf6 {[%emt 0:00:00]} 22. a3 {[%emt 0:00:00]} Qa5 {[%emt 0:00:
00]} 23. Rfd1 {[%emt 0:00:00]} Rc2 {[%emt 0:00:00]} 24. Qe6+ {[%emt 0:00:00]}
Nf7 {[%emt 0:00:00]} 25. Bf3 {[%emt 0:00:00]} Rxb2 {[%emt 0:00:39]} 26. Rxb2 {
[%emt 0:00:00]} Bxb2 {[%emt 0:00:00]} 27. d6 {[%emt 0:00:00]} Qa4 {[%emt 0:00:
00]} 28. Rb1 {[%emt 0:00:00]} f4 {[%emt 0:00:21]} 29. Bxa8 {[%emt 0:00:00]}
fxe3 {[%emt 0:00:00]} 30. Bd5 {[%emt 0:00:00]} exf2+ {[%emt 0:00:00]} 31. Kf1 {
[%emt 0:00:00]} 1-0

[Event "Gibraltar Masters 18th"]
[Site "Gibraltar"]
[Date "2020.01.24"]
[Round "4.31"]
[White "Khotenashvili, Bela"]
[Black "Kryakvin, Dmitry"]
[Result "1-0"]
[WhiteElo "2446"]
[BlackElo "2592"]
[PlyCount "151"]
[EventDate "2020.01.21"]
[EventType "swiss"]
[EventRounds "10"]
[EventCountry "GGB"]
[SourceTitle "BritBase"]
[Source "John Saunders"]
[SourceDate "2021.06.05"]
[SourceVersion "1"]
[SourceVersionDate "2021.06.05"]
[SourceQuality "1"]
[TimeControl "40/100:0"]
[WhiteClock "0:03:04"]
[BlackClock "0:02:02"]

1. d4 {[%emt 0:00:00]} Nf6 {[%emt 0:00:00]} 2. c4 {[%emt 0:00:00]} g6 {[%emt 0:
00:00]} 3. Nc3 {[%emt 0:00:00]} Bg7 {[%emt 0:00:00]} 4. e4 {[%emt 0:00:00]} O-O
{[%emt 0:00:00]} 5. Nf3 {[%emt 0:00:00]} c6 {[%emt 0:00:00]} 6. Bg5 {[%emt 0:
00:00]} d5 {[%emt 0:00:00]} 7. exd5 {[%emt 0:00:00]} cxd5 {[%emt 0:00:00]} 8.
Bxf6 {[%emt 0:00:00]} Bxf6 {[%emt 0:00:00]} 9. Nxd5 {[%emt 0:00:00]} Bg7 {
[%emt 0:00:00]} 10. Nc3 {[%emt 0:00:00]} Bg4 {[%emt 0:00:00]} 11. Be2 {[%emt 0:
00:00]} Nc6 {[%emt 0:00:00]} 12. d5 {[%emt 0:00:00]} Bxf3 {[%emt 0:00:00]} 13.
Bxf3 {[%emt 0:00:00]} Bxc3+ {[%emt 0:00:00]} 14. bxc3 {[%emt 0:00:00]} Ne5 {
[%emt 0:00:00]} 15. Be2 {[%emt 0:00:00]} Qc7 {[%emt 0:00:00]} 16. Qd4 {[%emt 0:
00:00]} Rfc8 {[%emt 0:00:00]} 17. c5 {[%emt 0:00:00]} Nd7 {[%emt 0:00:00]} 18.
c6 {[%emt 0:00:00]} bxc6 {[%emt 0:00:00]} 19. dxc6 {[%emt 0:00:00]} Ne5 {
[%emt 0:00:00]} 20. O-O {[%emt 0:00:00]} Nxc6 {[%emt 0:00:00]} 21. Qa4 {
[%emt 0:00:00]} Ne5 {[%emt 0:00:00]} 22. Rac1 {[%emt 0:00:00]} Rab8 {[%emt 0:
00:00]} 23. Qa3 {[%emt 0:00:00]} Rb6 {[%emt 0:00:00]} 24. h3 {[%emt 0:00:00]}
Rc6 {[%emt 0:00:00]} 25. Rfd1 {[%emt 0:00:00]} e6 {[%emt 0:00:00]} 26. Rd4 {
[%emt 0:00:00]} Rc5 {[%emt 0:00:00]} 27. Rc2 {[%emt 0:00:00]} Rb8 {[%emt 0:00:
00]} 28. Rd1 {[%emt 0:00:00]} a5 {[%emt 0:00:00]} 29. Qc1 {[%emt 0:00:00]} Nd7
{[%emt 0:00:00]} 30. Qe3 {[%emt 0:01:03]} Nf6 {[%emt 0:00:00]} 31. Bf3 {
[%emt 0:00:00]} Rc8 {[%emt 0:00:00]} 32. Rdc1 {[%emt 0:00:00]} Rc4 {[%emt 0:00:
00]} 33. Qe1 {[%emt 0:00:00]} Qc5 {[%emt 0:00:00]} 34. Be2 {[%emt 0:00:00]} Rf4
{[%emt 0:00:00]} 35. Bf1 {[%emt 0:00:00]} Kg7 {[%emt 0:00:00]} 36. Rb1 {
[%emt 0:00:00]} Qf5 {[%emt 0:00:00]} 37. Rbb2 {[%emt 0:00:00]} Rc5 {[%emt 0:00:
00]} 38. c4 {[%emt 0:00:00]} h5 {[%emt 0:00:00]} 39. Qc3 {[%emt 0:00:00]} e5 {
[%emt 0:00:00]} 40. Rb5 {[%emt 0:00:00]} Nd5 {[%emt 0:00:00]} 41. Qd2 {[%emt 0:
00:00]} Rxb5 {[%emt 0:00:00]} 42. cxb5 {[%emt 0:00:00]} Rd4 {[%emt 0:00:00]}
43. Qe1 {[%emt 0:00:00]} Rb4 {[%emt 0:00:00]} 44. Qc1 {[%emt 0:00:00]} Nf4 {
[%emt 0:00:00]} 45. Rb2 {[%emt 0:00:00]} Qg5 {[%emt 0:00:00]} 46. Kh2 {[%emt 0:
00:00]} Qf6 {[%emt 0:00:00]} 47. Rxb4 {[%emt 0:00:00]} axb4 {[%emt 0:00:00]}
48. Bc4 {[%emt 0:00:00]} e4 {[%emt 0:00:00]} 49. Qe3 {[%emt 0:00:00]} Qd6 {
[%emt 0:00:00]} 50. Kg1 {[%emt 0:00:00]} Qd1+ {[%emt 0:00:42]} 51. Bf1 {
[%emt 0:00:00]} Nd5 {[%emt 0:00:37]} 52. Qxe4 {[%emt 0:00:00]} Kh7 {[%emt 0:00:
30]} 53. Qc4 {[%emt 0:00:00]} Kg7 {[%emt 0:00:00]} 54. Qc5 {[%emt 0:00:00]} b3
{[%emt 0:00:13]} 55. axb3 {[%emt 0:00:00]} Qxb3 {[%emt 0:00:00]} 56. Qd4+ {
[%emt 0:00:00]} Nf6 {[%emt 0:00:15]} 57. b6 {[%emt 0:00:00]} Qb1 {[%emt 0:00:
11]} 58. Qd6 {[%emt 0:00:16]} Ne4 {[%emt 0:00:17]} 59. Qe5+ {[%emt 0:00:34]}
Kh6 {[%emt 0:00:00]} 60. Qh8+ {[%emt 0:00:36]} Kg5 {[%emt 0:00:00]} 61. Qe5+ {
[%emt 0:00:00]} Kh6 {[%emt 0:00:00]} 62. h4 {[%emt 0:00:00]} Kh7 {[%emt 0:00:
00]} 63. Qd5 {[%emt 0:00:00]} f5 {[%emt 0:00:00]} 64. Qd7+ {[%emt 0:00:00]} Kh6
{[%emt 0:00:00]} 65. Qd4 {[%emt 0:00:00]} Kh7 {[%emt 0:00:00]} 66. g3 {[%emt 0:
00:00]} g5 {[%emt 0:00:00]} 67. Qd7+ {[%emt 0:00:00]} Kg6 {[%emt 0:00:00]} 68.
Qe6+ {[%emt 0:00:00]} Nf6 {[%emt 0:00:00]} 69. hxg5 {[%emt 0:00:00]} Kxg5 {
[%emt 0:00:00]} 70. Qf7 {[%emt 0:00:00]} f4 {[%emt 0:00:00]} 71. gxf4+ {
[%emt 0:00:00]} Kf5 {[%emt 0:00:00]} 72. b7 {[%emt 0:00:00]} h4 {[%emt 0:00:00]
} 73. Qc7 {[%emt 0:00:00]} h3 {[%emt 0:00:00]} 74. b8=Q {[%emt 0:00:00]} h2+ {
[%emt 0:00:00]} 75. Kxh2 {[%emt 0:00:00]} Ng4+ {[%emt 0:00:00]} 76. Kg1 {
[%emt 0:00:00]} 1-0

[Event "Gibraltar Masters 18th"]
[Site "Gibraltar"]
[Date "2020.01.24"]
[Round "4.32"]
[White "Santos Ruiz, Miguel"]
[Black "Chen, Qi B"]
[Result "0-1"]
[WhiteElo "2591"]
[BlackElo "2432"]
[PlyCount "44"]
[EventDate "2020.01.21"]
[EventType "swiss"]
[EventRounds "10"]
[EventCountry "GGB"]
[SourceTitle "BritBase"]
[Source "John Saunders"]
[SourceDate "2021.06.05"]
[SourceVersion "1"]
[SourceVersionDate "2021.06.05"]
[SourceQuality "1"]
[TimeControl "40/100:0"]
[WhiteClock "0:20:45"]
[BlackClock "0:42:31"]

1. e4 {[%emt 0:00:00]} e5 {[%emt 0:00:00]} 2. Nf3 {[%emt 0:00:00]} Nc6 {
[%emt 0:00:00]} 3. Bc4 {[%emt 0:00:00]} Bc5 {[%emt 0:00:00]} 4. c3 {[%emt 0:00:
00]} Nf6 {[%emt 0:00:00]} 5. d3 {[%emt 0:00:00]} d6 {[%emt 0:00:00]} 6. O-O {
[%emt 0:00:00]} O-O {[%emt 0:00:00]} 7. Re1 {[%emt 0:00:00]} a5 {[%emt 0:00:00]
} 8. Bg5 {[%emt 0:00:00]} h6 {[%emt 0:00:00]} 9. Bh4 {[%emt 0:00:00]} Ba7 {
[%emt 0:00:00]} 10. Nbd2 {[%emt 0:00:00]} g5 {[%emt 0:00:00]} 11. Bg3 {[%emt 0:
00:00]} Nh7 {[%emt 0:00:00]} 12. h3 {[%emt 0:00:00]} h5 {[%emt 0:00:00]} 13. d4
{[%emt 0:00:00]} h4 {[%emt 0:00:00]} 14. Bh2 {[%emt 0:00:00]} g4 {[%emt 0:00:
00]} 15. hxg4 {[%emt 0:00:00]} Bxg4 {[%emt 0:00:00]} 16. Bb5 {[%emt 0:00:00]}
Qf6 {[%emt 0:00:00]} 17. Bxc6 {[%emt 0:00:00]} bxc6 {[%emt 0:00:00]} 18. dxe5 {
[%emt 0:00:00]} Qg7 {[%emt 0:00:00]} 19. Kf1 {[%emt 0:00:00]} Qh6 {[%emt 0:00:
00]} 20. Qa4 {[%emt 0:00:00]} h3 {[%emt 0:00:00]} 21. g3 {[%emt 0:00:00]} dxe5
{[%emt 0:00:00]} 22. Qc2 {[%emt 0:00:00]} Qf6 {[%emt 0:00:00]} 0-1